000 00330nam a22001457a 4500
003 SGT
020 _a978-81-219-3521-0
082 _a589.3
_bB16V
100 _aVASHISHTA, B.R
245 _aBOTANY FOR DEGREE STUDENTS PART-1 ALGAE
260 _aNEW DELHI
_bS.CHAND
_c2016
300 _a612
650 _aAYURVEDA
942 _2ddc
_cBK
999 _c14689
_d14689